Аномалия в зависимости резонансного поглощения нейтронов от отношения объемов замедлителя и топлива в торийсодержащих размножающих системах; Известия Томского политехнического университета [Известия ТПУ]; Т. 313, № 3: Химия. Физика

Bibliographic Details
Parent link:Известия Томского политехнического университета [Известия ТПУ]/ Томский политехнический университет (ТПУ).— , 2000-
Т. 313, № 3: Химия. Физика.— 2008.— [С. 116-119]
Main Author: Шаманин И. В. Игорь Владимирович
Other Authors: Годовых А. В. Алексей Валерьевич, Селезнев П. А. Павел Андреевич
Summary:Заглавие с титульного листа
Электронная версия печатной публикации
Приведены результаты численных экспериментов, определяющие границы области значений отношения "объем замедлителя/объем топлива", в которой наблюдается аномалия в ходе зависимости резонансного поглощения в размножающей среде от этого отношения. Доказаны физические преимущества использования Th{232} по сравнению с U{238} в качестве воспроизводящего материала в составе ядерного топлива.
Language:Russian
Published: 2008
Series:Физика
Subjects:
Online Access:http://www.lib.tpu.ru/fulltext/v/Bulletin_TPU/2008/v313/i3/26.pdf
Format: Electronic Book Chapter
KOHA link:https://koha.lib.tpu.ru/cgi-bin/koha/opac-detail.pl?biblionumber=173575

MARC

LEADER 00000naa2a2200000 4500
001 173575
005 20231031164511.0
035 |a (RuTPU)RU\TPU\book\188256 
035 |a RU\TPU\book\188253 
090 |a 173575 
100 |a 20091228d2008 k y0rusy50 ca 
101 0 |a rus 
102 |a RU 
135 |a drnn ---uucaa 
181 0 |a i  
182 0 |a b 
200 1 |a Аномалия в зависимости резонансного поглощения нейтронов от отношения объемов замедлителя и топлива в торийсодержащих размножающих системах  |b Электронный ресурс  |f И. В. Шаманин, А. В. Годовых, П. А. Селезнев 
203 |a Текст  |c электронный 
215 |a 1 файл (299 Кб) 
225 1 |a Физика 
230 |a Электронные текстовые данные (1 файл : 299 Кб) 
300 |a Заглавие с титульного листа 
300 |a Электронная версия печатной публикации 
320 |a [Библиогр.: с. 119 (11 назв.)] 
330 |a Приведены результаты численных экспериментов, определяющие границы области значений отношения "объем замедлителя/объем топлива", в которой наблюдается аномалия в ходе зависимости резонансного поглощения в размножающей среде от этого отношения. Доказаны физические преимущества использования Th{232} по сравнению с U{238} в качестве воспроизводящего материала в составе ядерного топлива. 
337 |a Adobe Reader 
461 1 |0 (RuTPU)RU\TPU\book\176237  |t Известия Томского политехнического университета [Известия ТПУ]  |f Томский политехнический университет (ТПУ)  |d 2000- 
463 1 |0 (RuTPU)RU\TPU\book\188221  |x 1684-8519  |t Т. 313, № 3: Химия. Физика  |v [С. 116-119]  |d 2008  |p 133 с. 
610 1 |a аномалии 
610 1 |a резонансное поглощение 
610 1 |a нейтроны 
610 1 |a замедлители 
610 1 |a торийсодержащие системы 
610 1 |a численные эксперименты 
610 1 |a объемы 
610 1 |a размножающие среды 
610 1 |a ядерное топливо 
610 1 |a уран 
610 1 |a торий 
610 1 |a водно-топливные отношения 
610 1 |a оптимизация 
610 1 |a труды учёных ТПУ 
610 1 |a электронный ресурс 
700 1 |a Шаманин  |b И. В.  |c российский физик-ядерщик  |c профессор Томского политехнического университета  |f 1962-  |g Игорь Владимирович  |2 stltpush  |3 (RuTPU)RU\TPU\pers\22022 
701 1 |a Годовых  |b А. В.  |c российский физик-ядерщик  |c ассистент Томского политехнического университета, магистр физики  |f 1983-  |g Алексей Валерьевич  |2 stltpush  |3 (RuTPU)RU\TPU\pers\25483 
701 1 |a Селезнев  |b П. А.  |c студент Томского политехнического университета  |f 1986-  |g Павел Андреевич  |2 stltpush  |3 (RuTPU)RU\TPU\pers\25502 
801 1 |a RU  |b 63413507  |c 20090623  |g PSBO 
801 2 |a RU  |b 63413507  |c 20211207  |g PSBO 
856 4 |u http://www.lib.tpu.ru/fulltext/v/Bulletin_TPU/2008/v313/i3/26.pdf 
942 |c BK